The Debt crisis in Latin América

Đã lưu trong:
Chi tiết về thư mục
Tác giả của công ty: Institute of Latin American Studies
Định dạng: Texto
Được phát hành: Stockholm: ILAS
Các nhãn: Thêm thẻ
Không có thẻ, Là người đầu tiên thẻ bản ghi này!

MARC

LEADER 00000 a a2200000 04500
001 24684
003
040
020 |a 91-87134-01-2  
090 |a 177600  
110 |a Institute of Latin American Studies  
245 |a The Debt crisis in Latin América  
260 |a Stockholm:   |b ILAS  
300 |a 199 p.; n. 13   |b **no definido**  
999 |c 16665  |d 16665